00501nam a2200193 a 4500001001300000003000900013005001700022008004100039020001000080082001400090100002000104245005500124260003600179300000800215500003500223505001300258650001600271700002000287nice12345678IN_TiNIC20260116012406.0050524s1985 gura grp 000 0 eng  ac10000a239bSIN1 aSingh, Daniel J aRefutation of the Fabrications of the Anti-Christs aGurdaspurbDaniel J Singhc1985 a72p aincludes index and biblioraphy2 aAppendix aApologetics1 aSingh, Daniel J